000 00677nam a2200241Ia 4500
003 OSt
005 20220927105111.0
006 a|||||r|||| 00| 0
007 ta
008 220926b |||||||| |||| 00| 0 eng d
020 _a0387068236
024 _a146100
037 _cReference Collections
040 _aRTL
_cRTL
_beng
041 _2eng
_aeng
082 _a"U254, L5"
100 _aGinsburg Robert N Ed.
_9370137
245 0 _aTidal Deposits
_b A Casebook of Recent Examples And
260 _aNew
_bYork Springer
_c1975
300 _a"xiii,428p."
_ccm.
942 _h"U254, L5"
_cCC
999 _c690639
_d690639